Unsprezece culori - Statistics

General Stats
  • This quiz has been taken 62 times
  • The average score is 10 of 11
Answer Stats
Culoare % Correct
Alb
100%
Albastru
100%
Negru
100%
Roșu
100%
Verde
100%
Galben
94%
Portocaliu
88%
Roz
88%
Maro
75%
Violet
75%
Gri
72%
No matching quizzes found
Score Distribution
Percent of People with Each Score
Percentile by Number Answered
Your Score History
You have not taken this quiz